|
|
|
|
| LEADER |
00000nam2a2200000 4500 |
| 001 |
69491 |
| 005 |
20231031075753.0 |
| 010 |
|
|
|a 5939690068
|
| 035 |
|
|
|a (RuTPU)RU\TPU\book\73989
|
| 035 |
|
|
|a RU\TPU\book\73988
|
| 090 |
|
|
|a 69491
|
| 100 |
|
|
|a 20041025d2002 km y0rusy50 ca
|
| 101 |
0 |
|
|a rus
|
| 102 |
|
|
|a RU
|
| 105 |
|
|
|a a g 001zy
|
| 200 |
0 |
|
|a Т. 2: Нефти Сибири
|
| 210 |
|
|
|d 2002
|
| 215 |
|
|
|a 160 с.
|c ил.
|
| 320 |
|
|
|a Алфавитный указатель нефтей: с. 156-157
|
| 461 |
|
1 |
|0 (RuTPU)RU\TPU\book\74166
|y 5-93969-004-1
|t Нефти и газовые конденсаты России
|o Справочник
|o В 2 т.
|f сост. К. А. Демиденко, В. В. Барсукова, С. М. Крылова
|v Т. 2: Нефти Сибири
|d 2000-
|
| 607 |
|
|
|a Россия
|
| 607 |
|
|
|a Сибирь
|
| 610 |
1 |
|
|a петрография
|
| 610 |
1 |
|
|a углеводороды
|
| 610 |
1 |
|
|a нефть
|
| 610 |
1 |
|
|a нефтесмеси
|
| 610 |
1 |
|
|a физико-химическая характеристика
|
| 610 |
1 |
|
|a свойства
|
| 610 |
1 |
|
|a исследования
|
| 610 |
1 |
|
|a справочники
|
| 675 |
|
|
|a 552.578(035)
|v 3
|
| 801 |
|
1 |
|a RU
|b 63413507
|c 20041025
|g PSBO
|
| 801 |
|
2 |
|a RU
|b 63413507
|c 20091102
|g PSBO
|
| 900 |
|
|
|a Нефтегазоносные провинции России и зарубежных стран
|
| 942 |
|
|
|c BK
|